000 00591nam a22001577a 4500
022 _a00418633
080 _a340.5 B 637
245 _aBoletin mexicano de Derecho Comparado
260 _aMéxico
_bUniversidad nacional Autónoma de México
_c2007
300 _a265 P:
310 _abimestral
650 _2IEDCYT
_xderecho comparado
_xderechos humanos
_xderecho a la identidad
_xderecho internacinal
_xsolución de controversias
_xderecho penal
_xprotección de datos personales
_xlavado de dinero
_xpena privativa de libertad
760 _aNueva Serie
942 _2cdu
945 _acd
_d2016-07-05
999 _c4338
_d234842